LEADER 01063nam a2200253 i 4500 001 000000164031 003 CaOOAMICUS 005 20260401110448.0 008 070829s1980 it u000 u ita u 040 $aSeMil$bita 100 1 $aPowell, Nicolas.$0(OLS)http://semarc/name/62066 240 10$aTravellers to Trieste : the history of a city.$0(OLS)http://semarc/title/233993 245 10$aViaggiatori a Trieste /$cNicolas Powell. 264 1$aMilano :$bMursia,$c1980. 300 $a173 p., [8] p. di tav. ;$c21 cm. 490 1 $aTestimonianze fra cronaca e letteratura ;$v2 650 4$aTrieste - Vita artistica e culturale.$0(OLS)http://semarc/subject/59896 830 0$aTestimonianze fra cronaca e letteratura ;$v2.$0(OLS)http://semarc/title/19670 850 $aSeMil 852 $aSeMil$W1$xVenegono$y1$m1O I 468$j269478$B115325$CSeMilBibl$Z2$F126212 $81 961 $aRecupero: Altro 996 $6245$aViaggiatori a Trieste$9(OLS)http://semarc/title/233992 996 $6264$aMilano :$bMursia$9(OLS)http://semarc/publisher/30230